| 000 | 02480nam a2200253 a 4500 | ||
|---|---|---|---|
| 001 | 000000802 | ||
| 005 | 20200929145417.0 | ||
| 008 | 090522n199? dr c r 001 0 spa d | ||
| 040 |
_aDO-SdBNP _bspa _cBNPHU |
||
| 082 |
_a915.1 _bH557r |
||
| 100 | 1 |
_aHernández, Vinicio _92783 |
|
| 245 | 1 | 0 |
_aRepública de China : _bejemplo del desarrollo humano / _cVinicio Hernández. |
| 246 | 1 | 3 |
_aRepública de China: _btriunfo del desarrollo humano |
| 260 |
_aSanto Domingo : _bTaller, _c[19--]. |
||
| 300 |
_a168 p. : _bretrs. ; _c21 cm. |
||
| 500 | _aIncluye datos biográficos del autor en la solapa de la cubierta | ||
| 505 | 0 |
_gCapítulo 1. _tInvitación del gobierno de la República de China al Lic. Jacobo Majluta a conocer Taiwan -- _gCapítulo 2. _tRecibimiento en el aeropuerto por autoridades diplomáticas del gobierno de la República de China -- _gCapítulo 3. _tEstadía en la ciudad de Taipei. Visita a la oficina de información del gobierno Yuan ejecutivo -- _gCapítulo 4. _tVisita al alcalde de Taipei. Encuentro y almuerzo con el Viceministro de Relaciones Exteriores. Visita al Museo Nacional de Palacio de la República de China. Recepción de la República Dominicana en Taipei -- _gCapítulo 5. _tRecorrido por la Cía. de electricidad de Taiwan. Recibimiento en el Partido Kuomintang (Nacionalista). Entrevista con el Ministro de Relaciones Exteriores. Vista al Monumento y al Museo Conmemorativo al presidente Chiang Kai-Shek. Encuentro con el Excmo. Señor Presidente de la República de China -- _gCapítulo 6. _tDesayuno con el alcalde de Taipei. Partida para la ciudad de Kaohsiung. Recorrido por la acería de China. Recorrido por la corporación de construcciones navieras de China. Visita a la zona de industrias de exportación de Chien Chen y al almacén de departamentos presidente -- _gCapítulo 7. _tEstadía en la Estación Experimental de Horticultura Tropical de Fengshan. Visita al Laboratorio Acuático de Tung-Kang -- _gCapítulo 8. _tRecorrido por el Parque Naciona de Kenting. Regreso a Taipei al hotel Regent. Cena de despedida ofrecida por el Director General de Centro y Sudamérica del Ministerio de Relaciones Exteriores. Despedida en el aeropuerto de Chang Kai-Shek. |
|
| 590 | _aInventariado, 2018/BT | ||
| 651 | 4 |
_aChina _xDescripciones Y Viajes _92784 |
|
| 651 | 4 |
_aChina _xPolítica Económica _92785 |
|
| 651 | 4 |
_aChina _xCondiciones Económicas _92786 |
|
| 651 | 4 |
_aChina _xRelaciones Exteriores _92787 |
|
| 910 | _aValidado. Control de calidad. MFF | ||
| 999 |
_c798 _d798 |
||